Thermal analysis of clays, minerals, and coal /

Guardado en:
Autor Principal: Earnest, C. M. 1941-
Formato: Libro
Idioma:English
Publicado: Norwalk, CT : Perkin-Elmer, c1984.
Materias:
Etiquetas: Agregar Etiqueta
Sin Etiquetas, Sea el primero en etiquetar este registro!
LEADER 00788pam a22002415a 4500
001 EIQ.libpla000989
008 840215s1984####ctua#####b####000#0#eng#d
005 20060710193010.0
245 1 0 |a Thermal analysis of clays, minerals, and coal /  |c C.M. Earnest. 
260 |a Norwalk, CT :  |b Perkin-Elmer,  |c c1984. 
300 |a xi, 78 p. :  |b il. ;  |c 23 cm. 
504 |a Incluye referencias bibliográficas. 
100 1 |a Earnest, C. M.  |q (Charles Mansfield),  |d 1941- 
082 0 0 |a 552/.06  |2 19 
650 4 |a Arcilla  |x Análisis. 
650 4 |a Carbón  |x Análisis. 
650 4 |a Minerales  |x Análisis. 
650 0 |a Clay  |x Analysis. 
650 4 |a Minerals  |x Analysis. 
650 0 |a Coal  |x Analysis. 
010 |a  84004283  
040 |a DLC  |c DLC  |d AR-BbSID 
859 |a AR-BbSID  |b BIB. PLAPIQUI  |h 552.06  |i Ea 71  |p 2871